LIPPINCOTT NURSING PROCEDURES (Record no. 15183)
[ view plain ]
| 000 -LEADER | |
|---|---|
| fixed length control field | 00273nam a22001217a 4500 |
| 003 - CONTROL NUMBER IDENTIFIER | |
| control field | SGT |
| 082 ## - DEWEY DECIMAL CLASSIFICATION NUMBER | |
| Classification number | 610.73 |
| Item number | L13E |
| 100 ## - MAIN ENTRY--PERSONAL NAME | |
| Personal name | ECKMAN, MARGRAT |
| 245 ## - TITLE STATEMENT | |
| Title | LIPPINCOTT NURSING PROCEDURES |
| 260 ## - PUBLICATION, DISTRIBUTION, ETC. (IMPRINT) | |
| Place of publication, distribution, etc | PHILADELPHIA |
| Name of publisher, distributor, etc | WOLTER |
| Year of Publication | 2013 |
| 300 ## - PAGE DESCRIPTION | |
| No. of Pages | 854 |
| 942 ## - ADDED ENTRY ELEMENTS (KOHA) | |
| Source of classification or shelving scheme | Dewey Decimal Classification |
| Koha item type | Books |
| 942 ## - ADDED ENTRY ELEMENTS (KOHA) | |
| -- | 14 |
| Withdrawn status | Lost status | Source of classification or shelving scheme | Damaged status | Not for loan | Collection code | Home library | Current library | Shelving location | Date acquired | Vendor Name | SGTU | Bill Number | Total Checkouts | Full call number | Accession No. (Barcode) | Date last seen | Date last borrowed | Bill Date | Koha item type |
|---|---|---|---|---|---|---|---|---|---|---|---|---|---|---|---|---|---|---|---|
| Dewey Decimal Classification | Not For Loan | NURSING | SGT Medical Library | SGT Medical Library | Reference Book | 09/02/2018 | ABC | SGTU | 7429 | 33 | 610.73 L13E | FN3687 | 13/01/2025 | 13/01/2025 | 09/02/2018 | Books | |||
| Dewey Decimal Classification | Not For Loan | NURSING | SGT Medical Library | SGT Medical Library | Reference Book | 09/02/2018 | ABC | SGTU | 7429 | 610.73 L13E | FN3688 | 09/02/2018 | 09/02/2018 | Books |